| 000 | 00809nam a2200217 a 4500 | ||
|---|---|---|---|
| 003 | 0 | ||
| 005 | 20250217110011.0 | ||
| 008 | 130827s19uu xx 00 eng d | ||
| 050 |
_aPGS HM 1106 _b.F385 2013 |
||
| 100 | _aFerrer, Jan Clarisse. | ||
| 245 |
_aSocial networking engagement and interpersonal relationship of grade 6 SISC students / _cJan Clarisse Ferrer. |
||
| 260 |
_aLas PiƱas City, Philippines : _bSouthville International School and Colleges, _c2013. |
||
| 300 |
_a31 pages : _billustrations ; _c28 cm. |
||
| 504 | _aIncludes bibliographical references. | ||
| 650 | _aInterpersonal relations in children. | ||
| 650 | _aSocial media. | ||
| 650 | _aInternet and children. | ||
| 650 | _aOnline social networks. | ||
| 650 |
_aSocial networks _vPsychological aspects. |
||
| 942 |
_2lcc _cPASS |
||
| 999 |
_c98972 _d98972 |
||